Nika/ (Record no. 3951)

MARC details
000 -LEADER
campo de control de longitud fija 01800nam a22004217a 4500
003 - IDENTIFICADOR DE NÚMERO DE CONTROL
campo de control OSt
005 - FECHA Y HORA DE LA ÚLTIMA TRANSACCIÓN
campo de control 20230628125151.0
008 - DATOS DE LONGITUD FIJA--INFORMACIÓN GENERAL
campo de control de longitud fija 221006b |||||||| |||| 00| 0 eng d
040 ## - FUENTE DE CATALOGACIÓN
Centro/agencia transcriptor Biblioteca Lado V
082 ## - NÚMERO DE LA CLASIFICACIÓN DECIMAL DEWEY
Número de clasificación 709.05
Número de ítem E61n
100 ## - ENTRADA PRINCIPAL--NOMBRE DE PERSONA
9 (RLIN) 859
Nombre de persona Enwezor, Okwui
Término indicativo de función/relación editor
245 ## - MENCIÓN DEL TÍTULO
Título Nika/
Resto del título Journal Contemporary African Art/
260 ## - PUBLICACIÓN, DISTRIBUCIÓN, ETC.
Lugar de publicación, distribución, etc. Africa
Nombre del editor, distribuidor, etc. Fundación Prince Claus
Fecha de publicación, distribución, etc. 2004
300 ## - DESCRIPCIÓN FÍSICA
Dimensiones 23x20.5cm
Extensión 96p.
366 ## - INFORMACIÓN SOBRE DISPONIBILIDAD COMERCIAL
Nota spa
490 ## - MENCIÓN DE SERIE
Mención de serie 19
Designación de volumen o secuencia 2004
505 ## - NOTA DE CONTENIDO CON FORMATO
Nota de contenido con formato EDITOR´S LETTER
505 ## - NOTA DE CONTENIDO CON FORMATO
Nota de contenido con formato FRED WILSON´S BLACK VENEZIA: FICTITIOUS HISTORIES AND THE NOTION OF ¨TRUTH¨
505 ## - NOTA DE CONTENIDO CON FORMATO
Nota de contenido con formato THE PAULDING AVENUE TRILOGY: INTERVIEW WITH THOMAS ALLEN HARRIS
505 ## - NOTA DE CONTENIDO CON FORMATO
Nota de contenido con formato TRACEY ROSE: POSTAPARTHEID PLAYGROUND
505 ## - NOTA DE CONTENIDO CON FORMATO
Nota de contenido con formato GEORGES ADEAGBO´S VOICES OF SILENCE
505 ## - NOTA DE CONTENIDO CON FORMATO
Nota de contenido con formato UNTIMELY MEDI TATIONS: REFLECTIONS ON THE BLACK AUDIO FILM COLLECTIVE
505 ## - NOTA DE CONTENIDO CON FORMATO
Nota de contenido con formato THE MEDIA AND THE MODERN MOVEMENT IN NIGERIA AND THE GOLD COAST
505 ## - NOTA DE CONTENIDO CON FORMATO
Nota de contenido con formato IMAGINED HISTORY: TERRY ADKINS
505 ## - NOTA DE CONTENIDO CON FORMATO
Nota de contenido con formato A CINE NOMAD IN PARIS: INTERVIEW WITH ABDERRAHMANE SISSAKO
505 ## - NOTA DE CONTENIDO CON FORMATO
Nota de contenido con formato CHRIS OFILI´S WITHIN REACH: REFASHIONING THE ISLAND(S) OR THE FANTASY OF AFROLAND?
505 ## - NOTA DE CONTENIDO CON FORMATO
Nota de contenido con formato THINKING WISHFULLY: THE 8TH BIENAL DE LA HABANA CUBA
505 ## - NOTA DE CONTENIDO CON FORMATO
Nota de contenido con formato A SAINT IN THE CITY: SUFI ARTS OF URBAN SENEGAL
505 ## - NOTA DE CONTENIDO CON FORMATO
Nota de contenido con formato BLACK BELT: THE STUDIO MUSEUM IN HARLEM
505 ## - NOTA DE CONTENIDO CON FORMATO
Nota de contenido con formato JOBURG INTERSECTIONS
650 ## - PUNTO DE ACCESO ADICIONAL DE MATERIA--TÉRMINO DE MATERIA
Fuente del encabezamiento o término Tesauro de Arte & Arquitectura
Término de materia o nombre geográfico como elemento de entrada ARTE CONTEMPORANEO
9 (RLIN) 703
650 ## - PUNTO DE ACCESO ADICIONAL DE MATERIA--TÉRMINO DE MATERIA
Fuente del encabezamiento o término Tesauro de Arte & Arquitectura
Término de materia o nombre geográfico como elemento de entrada AUDIO
9 (RLIN) 702
650 ## - PUNTO DE ACCESO ADICIONAL DE MATERIA--TÉRMINO DE MATERIA
Fuente del encabezamiento o término Tesauro de Arte & Arquitectura
Término de materia o nombre geográfico como elemento de entrada MUSICA
9 (RLIN) 702
650 ## - PUNTO DE ACCESO ADICIONAL DE MATERIA--TÉRMINO DE MATERIA
Fuente del encabezamiento o término Tesauro de Arte & Arquitectura
Término de materia o nombre geográfico como elemento de entrada HISTORIA
650 ## - PUNTO DE ACCESO ADICIONAL DE MATERIA--TÉRMINO DE MATERIA
Fuente del encabezamiento o término Tesauro de Arte & Arquitectura
Término de materia o nombre geográfico como elemento de entrada MUSEOS
651 ## - PUNTO DE ACCESO ADICIONAL DE MATERIA--NOMBRE GEOGRÁFICO
Fuente del encabezamiento o término Tesauro de Arte & Arquitectura
Nombre geográfico AFRICA
942 ## - ELEMENTOS DE ENTRADA SECUNDARIOS (KOHA)
Fuente del sistema de clasificación o colocación Clasificación Decimal Dewey
Tipo de ítem Koha Libros
Parte de la signatura que corresponde a la clasificación (Parte de la clasificación) 709.05
Parte de la signatura que identifica el ejemplar (Parte del ítem) E61n
Suprimir en OPAC No
Holdings
Estatus retirado Estado de pérdida Fuente del sistema de clasificación o colocación Especificación de materiales (volumen encuadernado u otra parte) Estado de daño No para préstamo Colección Biblioteca de origen Biblioteca actual Fecha de adquisición Enumeración/cronología de publicación seriada Número de inventario Total de préstamos Signatura topográfica completa Código de barras Visto por última vez Precio de reemplazo Tipo de ítem Koha
    Clasificación Decimal Dewey 2004     Revistas Biblioteca LadoV Biblioteca LadoV 28/06/2023 19 003120   709.05 E61n 003120 28/06/2023 28/06/2023 Libros